| 000 | 00804nam a2200241 i 4500 | ||
|---|---|---|---|
| 001 | bg | ||
| 100 | 1 | _aPIPREK, Jan. | |
| 245 | 1 | 0 |
_aWielki słownik niemiecko-polski z suplementem. / _cJan Piprek, Juliusz Ippoldt _nT. 2, L-Z. |
| 246 | 1 | 1 | _aGrosswörterbuch Deutsch-Polnisch mit Nachtrag |
| 250 | _a[Wyd. 15, suplementu 14]. | ||
| 260 |
_aWarszawa : _b"Wiedza Powszechna", _c1998. |
||
| 300 |
_aXVI, 1084 s. ; _c24 cm. |
||
| 500 | _aTyt. równol. : Grosswörterbuch Deutsch-Polnisch mit Nachtrag. | ||
| 650 | 9 | _aSłownik niemiecko-polski | |
| 700 | 1 |
_aIPPOLDT, Juliusz _d(1867-1960). |
|
| 020 | _a8321407870 (t. 12) | ||
| 040 | _cBPK | ||
| 041 | 0 | _aplde | |
| 080 | _a811.112.2::811.162.1]'374 | ||
| 920 | _a83-214-0787-0 (t. 1-2) | ||
| 942 | _cKS | ||
| 008 | s pl f |000 0 pol | ||
| 999 |
_c34340 _d34340 |
||